| 000 -ლიდერი |
| ფიქსირებული სიგრძის საკონტროლო ველი |
01986nam a22002537a 4500 |
| 003 - საკონტროლო ნომრის იდენტიფიკატორი |
| საკონტროლო ველი |
Ge_BSU |
| 005 - ბოლო ოპერაციის თარიღი და დრო |
| საკონტროლო ველი |
20221110164909.0 |
| 008 - ფიქსირებული სიგრძის მონაცემთა ელემენტები - ზოგადი ინფორმაცია |
| ფიქსირებული სიგრძის საკონტროლო ველი |
221110s2020en xxu||||| |||| 00| 0 eng d |
| 020 ## - წიგნის საერთაშორისო სტანდარტული ნომერი |
| International Standard Book Number |
9789941964855 |
| 041 ## - ენის კოდი |
| Language code of text/sound track or separate title |
geo |
| 080 ## - უნივერსალური ათობითი კლასიფიკაციის ინდექსი |
| Universal Decimal Classification number |
343 ს-54 |
| 245 ## - ცნობა სათაურის შესახებ |
| Title |
სისხლის სამართალი და ადამიანის უფლებები = Strafrecht und Menschenrechte : |
| Remainder of title |
გერმანულ-ქართული სამართლის დიალოგი : კონფერენციის მასალები / |
| Statement of responsibility, etc |
რედაქტორები: ბაჩანა ჯიშკარიანი, მარტინ პაულ ვასმერი ; წინასიტყვაობა პეტერ-ანდრეას ბოხმანი. |
| 264 ## - წარმოების, გამოცემის, დისტრიბუციის და სხვა ცნობები |
| გამოცემის, წარმოების, დისტრიბუციის... ადგილი |
თბილისი : |
| გამოცემის, წარმოების, დისტრიბუციის... სახელწოდება |
იურისტების სამყარო, |
| გამოცემის, წარმოების, დისტრიბუციის... თარიღი |
2020. |
| 300 ## - ფიზიკური აღწერა |
| Extent |
238 გვ. ; |
| Other physical details |
20 სმ. |
| 504 ## - BIBLIOGRAPHY, ETC. NOTE |
| Bibliography, etc |
ბიბლიოგრაფია ტექსტის შენისვნებში. |
| 546 ## - LANGUAGE NOTE |
| Language note |
ტექსტის ნაწილი გერმანულ ენაზე. |
| 600 ## - SUBJECT ADDED ENTRY--PERSONAL NAME |
| Source of heading or term |
პროექტი განხორციელდა ფრიდრიხ ნაუმანის ფონდის სამხრეთ კავკასიაში წარმომადგენლობის ფინანსური მხარდაჭერით. |
| 653 ## - INDEX TERM--UNCONTROLLED |
| Uncontrolled term |
სისხლის სამართალი. |
| 653 ## - INDEX TERM--UNCONTROLLED |
| Uncontrolled term |
ადამიანის უფლებების დაცვა. |
| 700 ## - ADDED ENTRY--PERSONAL NAME |
| Personal name |
ჯიშკარიანი, ბაჩანა |
| Relator term |
რედაქტორი |
| 9 (RLIN) |
15765 |
| 700 ## - ADDED ENTRY--PERSONAL NAME |
| Personal name |
ვასმერი, მარტინ პაულ |
| Relator term |
რედაქტორი |
| 9 (RLIN) |
15766 |
| 700 ## - ADDED ENTRY--PERSONAL NAME |
| Personal name |
ბოხმანი, პეტერ-ანდრეას |
| Relator term |
წინასიტყვაობა |
| 9 (RLIN) |
15767 |
| 942 ## - ADDED ENTRY ELEMENTS (KOHA) |
| Source of classification or shelving scheme |
|
| Koha item type |
წიგნი |